000 00694nam a2200217 u 4500
005 20251205063946.0
008 081107s2005 r 000 0 eng d
020 _a9871177224
035 _aUPN01000165120
049 _aCG
050 4 _aHQ56
_bM3.2
100 1 _aMartín, Orlando R.
245 1 0 _aDidáctica de la educación sexual :
_bun enfoque de la sexualidad y el amor /
_cOrlando R. Martín, Encarnación M. Madrid.
260 _aBuenos Aires :
_bSb,
_c2005.
300 _a303 p.
440 0 _aMediador
650 7 _aEducación sexual
_vPlanes y programas
_2
_94849
650 4 _aAMOR -
_xASPECTOS FISIOLOGICOS
_94371
700 1 _aMadrid, Encarnación M.,
_ecoaut.
905 _aLibro
999 _c137232
_d137232